Lady Gaga Charting Songs (Billboard Hot 100) - Statistics

General Stats
  • This quiz has been taken 45 times
  • The average score is 24 of 46
Answer Stats
Album Weeks on Peak Song % Correct
The Fame 40 #1 Poker face
100%
The Fame Monster 35 #2 Bad romance
88%
A Star is Born Soundtrack 45 #1 Shallow
88%
The Fame Monster (Beyonce) 33 #3 Telephone
88%
Born this way 20 #1 Born this way
85%
MAYHEM (Bruno Mars) 43 #1 Die with a smile
85%
The Fame (Colby O'Donis) 49 #1 Just Dance
85%
The Fame 27 #6 Paparazzi
82%
Chromatica (Ariana Grande) 20 #1 Rain on me
79%
MAYHEM 19 #13 Abracadabra
76%
Born this way 8 #10 Judas
73%
Joanne 20 #4 Million reasons
70%
The Fame Monster 23 #5 Alejandro
67%
The Fame 22 #5 LoveGame
67%
ARTPOP 23 #4 Applause
64%
Joanne 6 #15 Perfect illusion
64%
Born this way 24 #3 The edge of glory
61%
A Star is Born Soundtrack 9 #41 Always remember us this way
58%
MAYHEM 9 #27 Disease
58%
Joanne 1 #66 A-YO
55%
Chromatica (BLACKPINK) 2 #33 Sour Candy
55%
single, 2017 14 #39 The Cure
52%
Born this way 18 #41 Bloody Mary
48%
single (Christina Aguilera) 19 #13 Do what u want
48%
Chromatica 10 #5 Stupid love
48%
Born this way 20 #6 You and i
48%
MAYHEM 1 #52 Garden of Eden
45%
Born this way 12 #29 Marry the night
45%
I AM.. SASHA FIERCE (Beyonce, William Burke) 5 #65 Video phone
45%
ARTPOP 1 #76 G.U.Y.
42%
single, 2022 10 #49 Hold my hand
42%
A Star is Born Soundtrack 7 #36 I'll never love again
39%
ARTPOP 1 #32 Venus
39%
ARTPOP 2 #8 Dope
33%
MAYHEM (Gesaffelstein) 1 #93 Killah
33%
Chromatica 1 #84 Alice
30%
Born this way 1 #12 Hair
30%
MAYHEM 1 #81 Perfect celebrity
30%
The Fame Monster 1 #94 Speechless
30%
MAYHEM 1 #61 Vanish into you
27%
MAYHEM 1 #85 Zombieboy
27%
MAYHEM 1 #69 How bad do u want me
24%
A Star is Born Soundtrack 1 #63 Is that alright?
24%
MAYHEM 1 #95 LoveDrug
24%
single, 2015 1 #95 Til it happens to you
24%
Attention Deficit (Wale) 1 #99 Chillin
21%
No matching quizzes found
Score Distribution
Percent of People with Each Score
Percentile by Number Answered
Your Score History
You have not taken this quiz